[Event "8th HDBank Cup 2018"]
[Site "Hanoi"]
[Date "2018.03.14"]
[Round "8"]
[White "Zhang, Ziji"]
[Black "Aravindh, Chithambaram VR."]
[Result "1/2-1/2"]
[WhiteElo "2374"]
[BlackElo "2617"]
[Annotator "TA"]
[PlyCount "151"]
[EventDate "2018.??.??"]
[EventCountry "VIE"]
[SourceTitle "playchess.com"]
[Source "ChessBase"]
[SourceQuality "1"]

{[%evp 13,151,55,48,14,14,6,0,7,6,0,6,7,22,27,35,-3,-6,-8,-7,-16,0,0,0,0,0,0,0,-37,-28,-31,-20,-27,-19,-39,-29,-32,-17,-51,-29,-68,-68,-65,-49,-52,-45,-107,-116,-130,-120,-131,-126,-135,-131,-127,-117,-135,-150,-150,-150,-150,-150,-158,0,-158,-158,-179,-158,-211,0,-209,-50,-33,-52,-59,0,0,0,0,106,87,108,87,122,93,160,158,159,140,160,162,183,179,149,144,142,171,225,225,225,225,225,225,225,225,225,225,225,225,225,225,225,225,225,225,225,225,225,225,225,225,225,225,225,0,156,0,225,0,225,225,225,225,225,225,225,-8,-8,-8,0,0]} 1. d4 d6 2. Nf3 Nf6 3. c4 g6 4. Nc3 Bg4 5. e3 Bg7 6. h3 {E61: King's Indian: Early deviations for White, including Smyslov System} (6. Be2 O-O 7. O-O Nc6 8. d5 Nb8 9. h3 Bd7 10. e4 c6 11. Be3 Na6 12. Nd2 Rc8 13. Rc1 e6 14. dxe6 Bxe6 15. Nf3 Re8 {0-1 (38) Wang,H (2709)-Mamedyarov,S (2799) Huaian 2017}) 6... Bxf3 7. Qxf3 Nc6 {LiveBook: 21 Games} 8. d5 {White is slightly better.} Ne5 {[%cal Bc6e5,Be5d7,Bd7c5][%mdl 32]} 9. Qd1 O-O $146 ({Predecessor:} 9... c5 10. Be2 a6 11. O-O O-O 12. Rb1 Ne8 13. Qc2 Nc7 14. b3 {½-½ (61) Incutto,C-Gadia,O Mar del Plata 1960}) 10. Be2 c6 11. dxc6 bxc6 12. O-O Ned7 13. Qc2 a5 14. e4 Nc5 15. Be3 Nfd7 16. Bg4 Nb6 17. Rad1 Qc7 18. b3 h5 19. Be2 Nbd7 20. Bd2 Rfb8 21. Rb1 e5 22. g3 Ne6 23. Na4 Ndc5 $36 {[%mdl 2048] Black has the initiative.} 24. Be3 Kh7 25. Kg2 Bh6 26. Nc3 {[#]} h4 $1 {[%mdl 512]} 27. Bg4 (27. gxh4 Qe7) 27... Bxe3 28. fxe3 hxg3 29. h4 (29. Kxg3 $15 Qe7 30. Rf2) 29... Kg7 $17 30. Kxg3 Rh8 31. Rh1 Qe7 32. Rh2 Rh6 33. Rbh1 Nd7 34. Bf3 Rah8 35. Qd2 Nf6 36. Qg2 Qa7 37. Qd2 Qe7 38. Qg2 $1 Nc5 39. Qd2 Qe6 40. Qe2 (40. Qc2 $17 {is a better defense.}) 40... Qe7 $2 (40... Rb8 $19 41. Rb1 Rbh8) 41. Qd1 $2 {[#]} (41. Qd2 $1 $11 {and White has nothing to worry.}) 41... Qb7 $2 ({Better is} 41... d5 $1 $19 {[%mdl 512] ...d4! is the strong threat.} 42. cxd5 cxd5) 42. Qxd6 $15 Qb4 {White must now prevent ...Ncxe4+!} 43. Qxc6 Qxc3 (43... Nh5+ $1 $15 44. Kg4 Qxc3 45. Qxc5 Nf6+ 46. Kg3 Rd8) 44. Qxc5 $11 Rd8 45. Re2 Rdh8 (45... Rd3 $11) 46. Qd6 $16 g5 47. Qd2 gxh4+ 48. Kh3 Qb4 (48... Qxd2 $142 49. Rxd2 Rg6) 49. Qxb4 axb4 50. c5 Rg6 {aiming for ...Rg3+.} 51. Rg2 Nh7 {Black wants to play ...Ng5+.} 52. Rxg6+ Kxg6 53. Kxh4 $18 {[%mdl 4096] Endgame KRB-KRN} Ng5+ 54. Kg3 Rxh1 (54... Rg8 $142 55. Rd1 Kf6) 55. Bxh1 {KB-KN} Ne6 56. c6 Kf6 57. Kg4 Ke7 58. Kf5 f6 59. Bf3 Ng7+ 60. Kg6 Ne8 61. Be2 Nc7 62. Bc4 Ne8 63. Bd5 Nc7 64. Kf5 Nb5 65. Bc4 Nc7 66. Kg4 Kd6 67. Bd5 Nb5 68. Kf5 Ke7 $1 {[#]} 69. Kg6 (69. Bg8 $1 $16) 69... Nc7 $1 70. Bc4 Ne8 71. Bg8 Nc7 72. Bf7 Nb5 73. Bc4 Nc7 74. a3 $2 ({White should try} 74. Bd3 $18) 74... bxa3 $11 {Threatens to win with ...a2.} 75. b4 Nb5 76. Bxb5 {Precision: White = 60%, Black = 61%.} 1/2-1/2

[Event "8th HDBank Cup 2018"]
[Site "Hanoi"]
[Date "2018.03.14"]
[Round "8"]
[White "Tran Minh Thang"]
[Black "Zhao, Jun"]
[Result "1/2-1/2"]
[WhiteElo "2366"]
[BlackElo "2599"]
[Annotator "TA"]
[PlyCount "114"]
[EventDate "2018.??.??"]
[EventCountry "VIE"]
[SourceTitle "playchess.com"]
[Source "ChessBase"]
[SourceQuality "1"]

{[%evp 10,114,3,-9,0,0,0,0,12,-23,21,16,18,0,5,-7,-8,0,0,-7,15,15,18,19,25,14,19,14,6,0,7,-54,-32,-35,-2,-34,-16,-51,-19,-68,-69,-106,-68,-78,-75,-104,-89,-110,-72,-89,-85,-95,-94,-138,-125,-170,-130,-194,-169,-159,-164,-188,-166,-168,-172,-189,-159,-177,-160,-134,-135,-142,-170,-156,-80,-80,-80,-80,-80,-80,-80,-80,0,0,0,0,0,-29978,0,0,0,0,0,0,0,0,0,0,0,0,0,0,0,0,0,0,0]} 1. d4 Nf6 2. Bf4 g6 3. Nc3 d5 4. e3 Bg7 5. h4 c6 (5... h5 6. Nf3 Bg4 7. Be2 Bxf3 8. Bxf3 c6 9. Qd2 Nbd7 10. O-O-O b5 11. Kb1 {½-½ (34) Aronian,L (2797)-Vachier Lagrave,M (2793) Caleta 2018}) 6. Be2 {LiveBook: 20 Games. A45: Trompowsky Attack} Qb6 7. a3 h5 $146 ({Predecessor:} 7... h6 8. Nf3 Bg4 9. Qd2 Ne4 10. Nxe4 dxe4 11. Ne5 Bxe2 12. Qxe2 {½-½ (35) Berzinsh,R (2434)-Neiksans,A (2586) Olaine 2017}) 8. Nf3 Bg4 9. O-O Bxf3 10. Bxf3 Nbd7 11. Rb1 O-O 12. b4 Rfe8 13. Na4 Qd8 14. Nc5 b6 15. Nxd7 Qxd7 16. a4 a6 17. Qd3 b5 18. Ra1 Ng4 19. axb5 axb5 20. Ra5 (20. g3 $11) 20... Rxa5 21. bxa5 Ra8 $1 22. Qc3 Ra6 23. Rd1 e6 24. Qd2 Qd8 25. Qe2 Qxh4 26. Bxg4 hxg4 27. Bc7 Bf6 28. Ra1 Kg7 29. g3 Qh3 30. Qf1 Qh5 31. Ra3 Be7 32. Rc3 Qh8 33. Qe2 (33. Qb1 $17) 33... Bd8 34. Bxd8 Qxd8 35. Ra3 Rxa5 36. Rxa5 Qxa5 37. Qxg4 $19 {[%mdl 4096] Endgame KQ-KQ} Qd2 38. Qf4 Qxc2 39. Qe5+ Kg8 {Threatens to win with ...Qb1+.} 40. Qb8+ Kh7 $1 41. Qc7 Qf5 (41... Qb1+ $142 $1 42. Kg2 Qe4+ 43. f3 Qc2+ 44. Kh3 Qf5+ 45. Kg2 Kg7) 42. Qxc6 $17 b4 43. Qb7 Qb1+ 44. Kg2 Kg7 {Strongly threatening ...b3.} 45. Qb8 {[#]} b3 (45... g5 $1 $17 46. g4 Qd1 47. Qxb4 Qxg4+ 48. Kh2 {[#]} e5 $1 {[%mdl 512]}) 46. g4 $1 $11 g5 47. Qe5+ $1 Kg6 48. Qh8 $2 {[%mdl 8192]} (48. Qb8 $11) 48... b2 $2 (48... Qe4+ {mates} 49. f3 Qxe3 50. Qg8+ Kf6 51. Qh8+ Ke7 52. Qb8 Qd2+ 53. Kh3 b2 54. f4 Qe3+ 55. Kg2 Qe4+ 56. Kg3 gxf4+ 57. Qxf4 Qxf4+ 58. Kxf4 b1=Q 59. Kg3 Qe1+ 60. Kf3 Kf6 61. Kg2 Kg5 62. Kh3 Kf4 63. Kg2 Kxg4 64. Kh2 Kf3 65. Kh3 Qh1#) 49. Qg8+ {The position is equal.} Kf6 50. Qd8+ Kg6 51. Qg8+ Kf6 52. Qd8+ Kg7 (52... Kg6 $5 53. Qg8+ $8 $11) 53. Qxg5+ Qg6 (53... Kh7 $5 54. Qh4+ $8 Kg8 55. Qd8+ Kh7 56. Qh4+ Kg7 57. Qg5+ Kh7 58. Qh4+ $11) 54. Qe5+ Kh7 55. Qh2+ Kg7 (55... Kg8 $5 56. Qb8+ $8 Kh7 57. Qxb2 Qxg4+ 58. Kf1 Kg6 $11) 56. Qe5+ Kh7 57. Qh2+ Kg7 {Precision: White = 52%, Black = 57%.} 1/2-1/2

[Event "8th HDBank Cup 2018"]
[Site "Hanoi"]
[Date "2018.03.14"]
[Round "8"]
[White "Xu Zhihang"]
[Black "Saduakassova Dinara"]
[Result "0-1"]
[WhiteElo "2364"]
[BlackElo "2479"]
[Annotator "TA"]
[PlyCount "76"]
[EventDate "2018.??.??"]
[EventCountry "VIE"]
[SourceTitle "playchess.com"]
[Source "ChessBase"]
[SourceQuality "1"]

{[%evp 17,76,1,0,-31,-43,-33,-31,-75,-72,-60,-36,-114,-108,-138,-87,-89,-97,-123,-116,-113,-102,-224,-216,-226,-225,-309,-302,-362,-332,-432,-423,-435,-435,-562,-533,-531,-487,-490,-489,-461,-458,-428,-456,-443,-443,-505,-540,-567,-567,-537,-530,-800,-789,-670,-650,-833,-829,-2829,-2083,-5455,-5214]} 1. Nf3 Nf6 2. c4 b6 3. g3 Bb7 4. Bg2 g6 5. O-O Bg7 6. d4 O-O 7. d5 Ne4 {A50: Queen's Fianchetto Defence (1 d4 Nf6 2 c4 b6)} (7... e6 8. Nc3 Re8 9. Nd4 exd5 10. cxd5 Na6 11. e4 Nc5 12. Re1 Nxd5 13. exd5 Rxe1+ 14. Qxe1 Bxd4 15. Be3 {0-1 (39) Melkumyan,H (2633)-Mamedyarov,S (2799) Riadh 2017}) 8. Qc2 f5 9. Nbd2 Nd6 {LiveBook: 18 Games. The position is equal.} 10. Nb3 e5 {[%cal Be7e5,Be5e4][%mdl 32]} 11. Be3 $146 ({Predecessor:} 11. Bg5 Qe8 12. Bd2 c5 13. dxc6 Nxc6 14. c5 Ne4 15. Be3 {0-1 (55) Ning,K (2157)-Bai,J (2571) Harbin 2018}) 11... a5 12. Rac1 Na6 13. Nbd2 Qe7 14. Rfe1 (14. Bg5 $15 Qe8 15. Qb1) 14... e4 $17 15. Ng5 h6 (15... Qf6 $142 16. Qc3 Qxc3 17. bxc3 Rae8) 16. Nh3 g5 17. f4 {[%cal Rf4g5]} exf3 18. exf3 Qf6 $36 {[%mdl 2048] And now ...Nb4 would win. White is under strong pressure.} 19. b3 (19. Rb1 $17 {was called for.}) 19... Nb4 $19 20. Qb1 Qb2 21. Nf1 Qxa2 22. Qxa2 Nxa2 23. Rc2 Nb4 {Black is clearly winning.} 24. Rce2 a4 25. c5 bxc5 26. bxa4 c4 27. f4 g4 28. Nf2 Bxd5 29. Bc5 Bxg2 30. Kxg2 Rxa4 31. Re7 Rf7 32. Rxf7 Kxf7 33. Ne3 c3 {[%cal Bc4c3,Bc3c2][%mdl 32]} 34. Bxd6 cxd6 35. Nxf5 c2 {[#] ...Ra1 is the strong threat.} 36. Ne3 Ra2 37. Nf5 Ra1 38. Re7+ Kf8 {Precision: White = 29%, Black = 89%.} 0-1

[Event "8th HDBank Cup 2018"]
[Site "Hanoi"]
[Date "2018.03.14"]
[Round "8"]
[White "Chen, Qi b"]
[Black "Nguyen, Van Huy"]
[Result "1/2-1/2"]
[WhiteElo "2359"]
[BlackElo "2454"]
[Annotator "TA"]
[PlyCount "189"]
[EventDate "2018.??.??"]
[EventCountry "VIE"]
[SourceTitle "playchess.com"]
[Source "ChessBase"]
[SourceQuality "1"]

{[%evp 21,189,27,21,18,29,29,32,33,27,22,18,23,33,26,21,22,31,29,27,18,43,43,30,0,4,0,18,0,29,0,14,0,0,0,45,43,80,67,67,75,79,68,71,96,96,73,76,53,63,54,38,53,95,95,95,103,115,85,130,89,99,104,91,74,82,0,26,0,92,66,66,39,56,36,73,46,82,44,47,33,37,0,33,34,60,52,67,67,80,48,42,31,55,48,77,73,80,80,81,68,75,20,61,37,78,76,150,84,94,95,231,207,208,184,380,386,394,395,363,375,518,132,390,0,89,102,99,75,75,68,64,60,84,84,258,217,195,0,0,0,0,0,0,-33,0,0,0,0,0,0,0,0,0,0,0,0,0,0,0,0,0,0,9,9,45,45,45,8,8,0]} 1. e4 c6 2. Nc3 d5 3. Nf3 Bg4 4. h3 Bxf3 5. Qxf3 e6 6. Be2 Nf6 7. O-O Nbd7 8. d4 {B11: Caro-Kann: Two Knights Variation} dxe4 9. Nxe4 Nxe4 10. Qxe4 Nf6 11. Qd3 Bd6 {LiveBook: 26 Games} 12. Rd1 O-O $146 ({Find the theoretical novelty and annotate with similar games:} 12... Qc7 13. Bd2 Bh2+ 14. Kh1 Bf4 15. Be1 O-O {1-0 (46) Vachier Lagrave,M (2804)-Riazantsev,A (2671) Doha 2016}) 13. a4 Qc7 14. Qf3 a5 15. c3 Rad8 16. Bd3 Rd7 17. Re1 Nd5 18. g3 Rfd8 19. Kg2 Be7 20. h4 Qb6 21. Re2 h6 22. h5 Rc8 23. Rb1 $40 {[%mdl 128] White mounts an attack.} Qd8 24. Bd2 Bg5 25. Be1 b6 26. Rd1 Nf6 27. Re5 Rd5 28. Qe2 {f4 is the strong threat.} Nd7 29. Rxd5 exd5 30. Bc2 Nf8 31. Qd3 Qc7 32. b4 Be7 33. bxa5 bxa5 34. Rb1 Rb8 35. Qa6 Rxb1 36. Bxb1 Bd8 37. Bf5 Ne6 38. Bd2 Kf8 39. Bc1 Ke8 40. Ba3 Be7 41. Qa8+ Nd8 42. Bc1 Bg5 43. Ba3 (43. Bxg5 $16 hxg5 44. Bg4) 43... Be7 $11 44. Bc1 (44. Bb2 $11) 44... Bg5 $1 $16 {[%cal Rg5c1]} 45. f4 Be7 46. Be3 Bd6 47. Bf2 Ke7 48. Qa6 Kf8 49. Qe2 Qb7 50. Qc2 Ne6 51. Bg4 Kg8 52. Qe2 Qd7 53. Bh3 Kf8 54. Qa6 Qc7 55. Qa8+ Nd8 $1 56. Bg4 Ke7 57. Qa6 Kf8 58. Qd3 Qe7 59. Qh7 {[%cal Rh7h8]} Qf6 60. Qh8+ Ke7 61. Be2 ({Better is} 61. Be3 $16) 61... Ba3 62. Qh7 Kd7 63. Qb1 Kc7 (63... Bd6 $142) 64. c4 (64. Qd3 $142) 64... Qe6 65. Qc2 {Hoping for cxd5.} Bb4 (65... dxc4 $16 66. Bxc4 Qd6) 66. cxd5 $1 $18 Qxd5+ 67. Bf3 Qd7 $2 (67... Qd6 {might work better.} 68. d5 c5) 68. d5 $1 Qd6 69. dxc6 Nxc6 70. Qc4 f6 71. Qb5 $2 (71. f5 $18 {is more deadly.}) 71... Nd8 $2 {[%mdl 8192]} (71... Ne7 $16 72. Be3 Qe6) 72. Qc4+ $2 (72. Bd5 $18) 72... Kd7 (72... Nc6 $1 $11 {remains equal.} 73. Be4 Qd7) 73. Bg4+ Ke8 74. Qe4+ Kf8 75. Qh7 Nf7 76. Qf5 Qc6+ 77. Bf3 Qxa4 $2 {[#]} (77... Qc7 $16) 78. Bc5+ $1 Nd6 {[#]} 79. Qc8+ $2 (79. Bxd6+ $1 $18 Bxd6 80. Qe6 Qc2+ 81. Kh3) 79... Qe8 $11 80. Qc7 Bxc5 81. Qxc5 Qd8 82. Bc6 Kg8 (82... Qc7 $5 {[%cal Ra5a4]}) 83. Qd5+ Kh8 84. Ba4 Qc7 85. Kh2 Qd8 86. Bc2 Qe8 {White must now prevent ...Qe2+.} 87. Bg6 Qd8 88. Bc2 Qc7 89. Bg6 Qd8 90. Bc2 Qc7 91. Bg6 Nc8 92. Bf5 {Strongly threatening Qa8.} Nb6 (92... g6 $5 93. hxg6 (93. Bxg6 Nd6 $14) 93... Nd6 $16) 93. Qxa5 Qd8 94. Bc2 Qd5 95. Qxb6 {Precision: White = 58%, Black = 43%.} 1/2-1/2

[Event "8th HDBank Cup 2018"]
[Site "Hanoi"]
[Date "2018.03.14"]
[Round "8"]
[White "Kulkarni Bhakti"]
[Black "Dao Thien Hai"]
[Result "1/2-1/2"]
[WhiteElo "2275"]
[BlackElo "2474"]
[Annotator "TA"]
[PlyCount "49"]
[EventDate "2018.??.??"]
[EventCountry "VIE"]
[SourceTitle "playchess.com"]
[Source "ChessBase"]
[SourceQuality "1"]

{[%evp 16,49,41,35,59,19,24,11,25,22,30,20,22,-8,18,18,18,18,18,18,18,18,18,20,18,0,0,0,0,0,0,0,0,0,0,0]} 1. d4 f5 2. c4 Nf6 3. Nc3 g6 4. g3 Bg7 5. Bg2 O-O 6. Nh3 e6 7. O-O d6 8. b3 {A86: Dutch Defence: Leningrad System: Unusual lines and 5 Nh3} c6 9. Ba3 {LiveBook: 6 Games} a5 $146 ({Predecessor:} 9... Qa5 10. Qc1 Rd8 11. Rd1 Qc7 12. d5 Qe7 13. dxe6 Bxe6 14. Qf4 Nh5 15. Qe3 Na6 {½-½ (31) Delchev,A (2604)-Vallejo Pons,F (2686) Linares 2015}) 10. Rc1 {White is slightly better.} Na6 11. Re1 Re8 12. Qd2 Nb4 13. Rcd1 Qc7 {The position is equal.} 14. e4 fxe4 15. Nxe4 Nxe4 16. Bxe4 e5 17. Ng5 d5 18. cxd5 cxd5 19. Bxb4 dxe4 20. dxe5 axb4 21. Qd5+ Kh8 22. Nf7+ Kg8 23. Ng5+ Kh8 24. Nf7+ Kg8 25. Nh6+ {Precision: White = 41%, Black = 77%.} 1/2-1/2

[Event "8th HDBank Cup 2018"]
[Site "Hanoi"]
[Date "2018.03.15"]
[Round "9"]
[White "Le, Quang Liem"]
[Black "Sivuk, Vitaly"]
[Result "1-0"]
[WhiteElo "2736"]
[BlackElo "2526"]
[Annotator "TA"]
[PlyCount "71"]
[EventDate "2018.??.??"]
[EventCountry "VIE"]
[SourceTitle "playchess.com"]
[Source "ChessBase"]
[SourceQuality "1"]

{[%evp 24,71,66,63,66,30,72,4,10,41,43,31,32,0,115,113,137,117,131,120,121,115,106,26,172,130,223,214,249,241,302,282,593,575,562,439,836,808,970,958,1217,1219,2783,2656,29987,29983,29982,29983,29983,29983]} 1. d4 Nf6 2. c4 g6 3. Nc3 Bg7 4. e4 d6 5. Nge2 O-O 6. Ng3 c5 7. d5 e6 8. Be2 exd5 9. cxd5 a6 10. a4 h5 {A65: Modern Benoni: 6 e4} 11. Bg5 Qc7 (11... Re8 12. O-O Qb6 13. Qd2 Nbd7 14. Kh1 Nh7 15. Bh4 Qb4 16. f4 c4 17. Bxh5 Nc5 18. f5 {1-0 (31) Bologan,V (2640)-Pichot,A (2544) Doha 2016}) 12. Qd2 Nbd7 13. O-O {LiveBook: 7 Games} Rb8 14. f4 Nh7 15. Bh4 ({White should play} 15. Be7 $16 {e5 is the strong threat.} Re8 16. Bh4) 15... c4 $1 $11 16. Kh1 b5 $1 17. axb5 axb5 18. b4 $146 {[%mdl 2048] White is more active.} (18. e5 $5) ({Predecessor:} 18. e5) 18... Ndf6 (18... cxb3 $1 $11 19. Rac1 (19. Nxb5 Qb6 $11) 19... b2 20. Qxb2 Qa5) 19. Ra5 Bd7 20. Rfa1 Rfe8 21. Ra7 Rb7 22. R7a6 Rb6 23. h3 (23. R6a2 $16) 23... Kh8 (23... Rxa6 $11 24. Rxa6 Rb8) 24. Bf3 Ng8 (24... Rxa6 $16 25. Rxa6 Rb8) 25. Nge2 Nh6 26. Nd4 f5 27. Bf2 {[#] And now Rxb6 would win.} Rbb8 $2 (27... fxe4 {is more resistant.} 28. Rxb6 e3 29. Bxe3 Qxb6) 28. Ra7 $18 Qc8 29. R1a6 Nf6 (29... Rb7 $142 30. e5 dxe5) 30. e5 dxe5 31. fxe5 {[%cal Bf4e5,Be5e6][%mdl 32]} Nfg4 32. hxg4 fxg4 33. Rxg6 gxf3 34. Rxh6+ {White mates.} Kg8 35. e6 fxg2+ 36. Kxg2 {Precision: White = 47%, Black = 25%.} 1-0

[Event "8th HDBank Cup 2018"]
[Site "Hanoi"]
[Date "2018.03.15"]
[Round "9"]
[White "Wang, Hao"]
[Black "Erigaisi Arjun"]
[Result "1-0"]
[WhiteElo "2713"]
[BlackElo "2458"]
[Annotator "TA"]
[PlyCount "87"]
[EventDate "2018.??.??"]
[EventCountry "VIE"]
[SourceTitle "playchess.com"]
[Source "ChessBase"]
[SourceQuality "1"]

{[%evp 14,87,8,9,25,20,33,19,28,10,15,18,0,-13,41,26,58,35,56,17,20,22,77,75,84,91,83,87,87,96,89,76,104,89,136,58,60,52,144,135,141,137,130,119,235,215,305,308,301,300,293,292,291,281,357,365,358,358,338,339,426,426,417,409,332,41,35,34,106,74,437,421,868,860,815,806]} 1. c4 c6 2. d4 d5 3. Nf3 Nf6 4. e3 Bg4 5. Nc3 e6 6. Qb3 Qb6 7. Nh4 {D11: Slav Defence: 3 Nf3 sidelines and 3...Nf6 4 e3 Bg4} Bh5 8. h3 {LiveBook: 304 Games} Qxb3 (8... Be7 9. g4 Bg6 10. Nxg6 hxg6 11. Bg2 g5 12. O-O Nbd7 13. Rd1 Qc7 14. e4 Nxe4 15. Nxe4 dxe4 16. Bxe4 {1-0 (30) Carlsen,M (2855)-So,W (2770) Leuven 2016}) 9. axb3 {White has an edge.} Na6 10. g4 Nb4 {Strongly threatening ...Nc2+.} 11. Ke2 g5 12. gxh5 {aiming for Nf3.} gxh4 13. Bd2 b6 $146 (13... Rg8 $11) ({Predecessor:} 13... Rg8 14. Na4 Na6 15. Kf3 Ne4 16. Be1 {½-½ (16) Brunello,S (2562)-Basso,P (2435) Milan 2015}) 14. Na4 $14 {Bxb4 is the strong threat.} Na6 15. Bg2 $36 {[%cal Bf1g2,Bg2f3,Bf3e4][%mdl 2080] White fights for an advantage.} Kd7 16. Bf3 Rg8 17. Nc3 Nc7 (17... Nb4 $11 {remains equal.}) 18. e4 $16 dxe4 19. Nxe4 Nxe4 20. Bxe4 f5 21. Bf3 a5 22. Rhg1 Be7 23. Bf4 Na6 24. d5 (24. c5 $16) 24... cxd5 $14 25. cxd5 Rae8 (25... e5 $14 26. Bxe5 Bd6) 26. dxe6+ $16 Kxe6 {[#]} 27. Bc6 $1 {[%cal Rc6b5] And now Bb5 would win.} Rxg1 28. Rxg1 Rc8 (28... Rd8 $16 {was necessary.}) 29. Bb5 $18 Nc5 (29... Rc2+ {was called for.} 30. Kf3 Nc5) 30. Bc4+ Kd7 31. Rg7 Ne6 32. Bb5+ Kd8 33. Rg8+ Bf8 34. Be5 Rc5 35. Bf6+ Kc7 36. Bc4 Nf4+ {[#]} 37. Kf3 $1 Bd6 38. Rg7+ Kc6 39. Ra7 $2 ({Don't take} 39. Rxh7 $6 b5 $18) ({Better is} 39. h6 $18) 39... Nxh3 $14 40. Bxh4 h6 ({Black should play} 40... Re5 $1 $14) 41. Ra8 Nf4 $2 {[%mdl 8192]} (41... Re5 $16) 42. Rc8+ $18 {White is clearly winning.} Kb7 (42... Kd7 $142) 43. Rxc5 bxc5 44. Bg3 {Precision: White = 64%, Black = 33%.} 1-0

[Event "8th HDBank Cup 2018"]
[Site "Hanoi"]
[Date "2018.03.15"]
[Round "9"]
[White "Mareco, Sandro"]
[Black "Krysa, Leandro"]
[Result "1-0"]
[WhiteElo "2635"]
[BlackElo "2548"]
[Annotator "TA"]
[PlyCount "81"]
[EventDate "2018.??.??"]
[EventCountry "VIE"]
[SourceTitle "playchess.com"]
[Source "ChessBase"]
[SourceQuality "1"]

{[%evp 22,81,31,11,13,8,8,0,12,30,71,71,71,71,69,55,55,55,55,55,52,40,81,72,82,77,106,106,214,198,261,249,262,261,262,254,419,414,441,417,400,295,286,289,520,622,618,618,524,485,602,580,578,573,630,614,1048,864,820,769,12843,12843]} 1. Nf3 Nf6 2. c4 c5 3. b3 g6 4. Bb2 Bg7 5. g3 d6 6. Bg2 e5 7. O-O O-O 8. Nc3 Nc6 9. d3 h6 10. a3 {A38: Symmetrical English vs ...g6: 4 Bg2 Bg7 5 Nf3 Nf6} Be6 11. Nd2 Qd7 12. Nd5 {LiveBook: 4 Games. White is slightly better.} Rab8 $146 ({Predecessor:} 12... a5 13. Nb6 Qc7 14. Nxa8 Rxa8 15. Ne4 Nxe4 16. Bxe4 Rb8 17. a4 Ne7 18. Bg2 {½-½ (52) Svidler,P (2734)-Korobov,A (2708) Sochi 2015}) 13. b4 b5 14. Bc3 bxc4 (14... a6 {is interesting.} 15. e3 Rfc8 16. Qf3 Qd8 17. bxc5 dxc5 18. Rfb1 h5) 15. dxc4 cxb4 {[#]} 16. Nxf6+ $1 Bxf6 17. axb4 Nxb4 18. Qa4 Qxa4 19. Rxa4 a5 20. Rxa5 Rfc8 21. Rb1 $36 {[%mdl 2048] White has some pressure.} Nc6 22. Rab5 Rxb5 23. cxb5 Nd8 24. Ne4 Bg7 (24... Be7 $16 {is a better defense.}) 25. Ba5 $18 d5 (25... Nb7 $142) 26. Nd6 Ra8 {[#]} 27. Bc7 $1 e4 28. b6 Be5 $2 (28... Bf6 29. h4 g5 30. hxg5 hxg5) 29. Nxe4 dxe4 30. Bxe5 Bd5 31. Bf6 Ne6 32. f3 exf3 $2 (32... Bb7 {keeps fighting.} 33. fxe4 Kf8) 33. Bxf3 {White is clearly winning.} Bxf3 34. exf3 {[%mdl 4096] Endgame KRB-KRN} Rb8 35. f4 g5 36. b7 Nc5 37. Rb5 Nd7 38. Bd4 gxf4 39. Ba7 Re8 40. gxf4 Re4 41. Rd5 {Precision: White = 81%, Black = 37%.} 1-0

[Event "8th HDBank Cup 2018"]
[Site "Hanoi"]
[Date "2018.03.15"]
[Round "9"]
[White "Aravindh, Chithambaram VR"]
[Black "Pham Chuong"]
[Result "1-0"]
[WhiteElo "2617"]
[BlackElo "2393"]
[Annotator "TA"]
[PlyCount "77"]
[EventDate "2018.??.??"]
[EventCountry "VIE"]
[SourceTitle "playchess.com"]
[Source "ChessBase"]
[SourceQuality "1"]

{[%evp 9,77,-25,-20,-27,24,-11,16,16,-1,-10,-25,-13,-13,-8,9,2,0,-27,27,33,35,27,38,0,85,51,136,113,106,84,102,41,130,51,90,88,55,26,20,37,253,11,12,-100,-114,-113,0,0,0,0,457,456,447,314,958,1049,3093,3033,2747,2283,29981,29976,29976,29977,29982,29983,29988,29989,29993,29994]} 1. Nf3 Nf6 2. b3 d5 3. Bb2 e6 4. Rg1 $146 ({Predecessor:} 4. e3 Be7 5. c4 O-O 6. Nc3 c5 7. cxd5 Nxd5 8. Qc2 b6 9. Nxd5 exd5 10. d4 Nc6 11. Be2 Be6 12. O-O Rc8 13. dxc5 bxc5 14. Rac1 Qb6 15. Rfd1 Rfd8 {1-0 (40) Karjakin,S (2763)-Kramnik,V (2800) Moscow 2018}) 4... b6 5. g4 Bb7 6. e3 {A06: Réti Opening:1 Nf3 d5} Rg8 (6... c5 $142) 7. a4 a6 8. g5 {The position is equal.} Nfd7 9. c4 dxc4 10. Bxc4 Nc6 11. d4 Bb4+ 12. Nc3 Na5 13. Bd3 c5 (13... f5 $142) 14. Kf1 $11 Nxb3 15. Qxb3 Bxf3 16. Bxh7 Rh8 (16... Bxc3 $1 $11 {keeps the balance.} 17. Bxg8 Bxb2 18. Qxb2 Ke7) 17. Be4 $16 Bxe4 (17... Bxc3 $1 $14 18. Bxf3 Bxb2 19. Qxb2 Rb8) 18. Nxe4 {Strongly threatening g6.} Rh4 19. f4 Rxh2 20. Rg2 ({White should play} 20. d5 $1 $16 Ke7 21. Bxg7) 20... Rh3 ({Black should try} 20... Rxg2 $1 $14 21. Kxg2 Qc7) 21. g6 (21. Nf2 $16 Rh4 22. dxc5 Bxc5 23. Bxg7) 21... Qh4 $14 {And now ...Rh1+ would win.} 22. gxf7+ Ke7 {Threatens to win with ...Rh1+.} 23. Ng5 (23. Rxg7 $2 Rh1+ 24. Kg2 (24. Ke2 $2 Rh2+ 25. Kd3 Qh5 $19) 24... Be1 $17) 23... Rh1+ 24. Ke2 Re1+ $2 (24... Qh5+ $1 $14 25. Nf3 Rxa1 26. Bxa1 Rf8) 25. Kd3 $2 (25. Kf3 $1 $18 Qh5+ 26. Kg3) 25... Nf8 $1 $11 26. Qc2 (26. Rxe1 $1 $11 {remains equal.} Qxe1 27. Kc2) 26... Rxa1 $1 $17 27. Bxa1 {[#]} Qe1 (27... Qh1 $1 $17 {[%cal Rh1a1]} 28. Bb2 (28. Bc3 $2 c4+ 29. Kxc4 Bxc3 $19) 28... Rc8) 28. Bb2 $1 $36 {[%mdl 2048] White has the initiative.} Qf1+ 29. Ke4 {[%cal Bd3e4,Be4f5,Bf5g6][%mdl 32] Hoping for dxc5.} Nd7 $2 {[%mdl 8192]} (29... c4 $1 $11) 30. d5 $18 c4 {White must now prevent ...Nc5+.} 31. dxe6 ({Worse is} 31. Nxe6 c3 $11) 31... Nc5+ $2 {[#]} (31... Nf8 32. Kf5 (32. Bxg7 Nxe6 33. f8=Q+ Nxf8 $16) 32... g6+ 33. Kg4 Rd8) 32. Kf5 $1 c3 33. Bxc3 Bxc3 34. Qxc3 {Intending Rd2 and mate.} Qxg2 35. Qxg7 {[%csl Gg7][%cal Rf7f8] White mates.} Qd5+ 36. Kg6 {[%csl Gg7][%cal Rf7f8]} Kd6 {[#]} 37. e7 $1 {[%mdl 512]} Qd3+ {[#]} (37... Kxe7 38. f8=Q#) 38. e4 $1 {[%mdl 512]} Nxe4 39. Qe5+ {Precision: White = 47%, Black = 32%.} 1-0